| 000 | 00929nam a22002177a 4500 | ||
|---|---|---|---|
| 999 |
_c33304 _d33304 |
||
| 003 | OSt | ||
| 005 | 20221217162046.0 | ||
| 008 | 150408b2022 slv spa | ||
| 040 | _cBMC | ||
| 082 | _a630.7284 | ||
| 100 | 1 |
_946559 _aLemus Pérez, Miguel Oswaldo |
|
| 245 | 1 | 0 |
_aPasantía realizada en Unex S.A de C.V, Unión de Exportadores de Café _b: Informe final _cMiguel Oswaldo Lemus Pérez |
| 260 |
_aSanta Ana _bUniversidad Católica de El Salvador _c2022 |
||
| 300 |
_a77+[28] h. _bil. col _c28 cm _e+ 1 disco compacto |
||
| 500 | _aPrecede al tít.: Universidad Católica de El Salvador, Facultad de Ingeniería y Arquitectura | ||
| 500 | _aPeríodo de realización: julio 2021 a enero 2022 | ||
| 502 | _aPara optar al título de Ingeniero Agronómo | ||
| 650 | 2 | 4 |
_933273 _aAgronomía _zEl Salvador |
| 710 | 2 |
_91166 _aUniversidad Católica de El Salvador _bFacultad de Ingeniería y Arquitectura |
|
| 942 |
_2ddc _cTG |
||